Κατάλογος Βιβλιοθηκών Mediterranean College

Ασκήσεις Μαθηματικών για Οικονομολόγους. (Record no. 2845)

MARC details
000 -LEADER
fixed length control field 01800cam a22002054a 4500
005 - ΗΜΕΡΟΜΗΝΙΑ ΚΑΙ ΩΡΑ ΤΕΛΕΥΤΑΙΑΣ ΕΝΗΜΕΡΩΣΗΣ
Πεδίο ελέγχου 20250605164055.0
008 - FIXED-LENGTH DATA ELEMENTS--GENERAL INFORMATION
Πεδίο ελέγχου σταθερού μήκους 250528s ||||||||||||||||||||||||d
035 ## - SYSTEM CONTROL NUMBER
System control number 17424
020 ## - ISBN
ISBN 9602184337
040 ## - ΠΗΓΗ ΚΑΤΑΛΟΓΟΓΡΑΦΗΣΗΣ
Φορέας πρωτότυπης καταλογογράφησης MC Athens Campus Library
Γλώσσα καταλογογράφησης Ελληνικά, Μοντέρνα (1453-)
Modifying agency MC Athens Campus Library
Κανόνες περιγραφικής καταλογογράφησης AACR2
245 1# - ΤΙΤΛΟΣ ΚΑΙ ΔΗΛΩΣΗ ΥΠΕΥΘΥΝΟΤΗΤΑΣ
Τίτλος Ασκήσεις Μαθηματικών για Οικονομολόγους.
Number of part/section of a work Τόμος Α'
250 ## - EDITION STATEMENT
Edition statement
260 ## - PUBLICATION, DISTRIBUTION, ETC.
Name of publisher, distributor, etc. Κριτική,
Date of publication, distribution, etc. 2005
300 ## - PHYSICAL DESCRIPTION
Extent 472
520 ## - SUMMARY, ETC.
Summary, etc. Προλεγόμενα, Θεωρία Συνόλων, Διμελείς Σχέσεις, Πραγματικοί Αριθμοί, Πραγματικές Συναρτήσεις, Ακολουθίες, Όρια και Συνέχεια Συναρτήσεων, Παράγωγοι - Βασικές Έννοιες, Παραγώγιση Συνθέτων Συναρτήσεων, Παράγωγοι Ανωτέρας Τάξεως, Γεωμετρικές Έννοιες, Το Διαφορικό, Πεπλεγμένες Συναρτήσεις, Αντίστροφες Συναρτήσεις, Μέγιστα και Ελάχιστα, Κυρτές και Κοίλες Συναρτήσεις, Σειρές, Σειρές Συναρτήσεων, Το Αόριστο Ολοκλήρωμα, Ολοκλήρωση με τη Μέθοδο των Προσδιοριστέων Συντελεστών, Ολοκλήρωση με Αντικατάσταση, Παραγοντική Ολοκλήρωση, Αναγωγικοί Τύποι, Βασικά Ρητά Ολοκληρώματα, Ολοκλήρωση Τριγωνομετρικών Συναρτήσεων, Το Ορισμένο Ολοκλήρωμα, Παραγώγιση Ολοκληρωμάτων, Βιβλιογραφία.
700 1# - ΠΡΟΣΘΕΤΗ ΑΝΑΓΡΑΦΗ--ΦΥΣΙΚΟ ΠΡΟΣΩΠΟ
Personal name Κώτσιος Στέλιος
9 (RLIN) 3577
942 ## - ADDED ENTRY ELEMENTS (KOHA)
Koha item type Books
Holdings
Τύπος τεκμηρίου Βιβλιοθήκη Τρέχουσα τοποθεσία Barcode Αριθμός εισαγωγής Ημερομηνία απόκτησης Ταξιθετικό σύμβολο Αριθμός αντιτύπου Κατάσταση απόσυρσης Κατάσταση χαμένου Κατάσταση κατεστραμμένου Μη δανεισμός Σύνολο δανεισμών Ημερομηνία τελευταίας εμφάνισης Η τιμή ισχύει από
Books MC Athens Campus Library MC Athens Campus Library 9780000028440 5666 05/06/2025 330.0151 KOT V.A 1           05/06/2025 05/06/2025

MC Athens Campus Library
Πατησίων 94 & Κοδριγκτώνος 13, 104 34
Πελλήνης 8 & Πατησίων 107, 112 51
Τ: +30 210 8899600

MC Thessaloniki Campus Library
Ίωνος Δραγούμη 21, 54625 | Ίωνος Δραγούμη 15, 54625
Τ: +30 2310 287779 – Τ: +30 2314 440300